The Fascist tradition; (Record no. 10290)
[ view plain ]
| 000 -LEADER | |
|---|---|
| fixed length control field | 00310cam a22001091 4500 |
| 050 00 - LIBRARY OF CONGRESS CALL NUMBER | |
| Classification Number | JC 481 |
| Item Number | .W43 |
| 100 1# - MAIN ENTRY--Author | |
| Personal name | Weiss, John, |
| Dates associated with a name | 1927- |
| 245 14 - TITLE | |
| Title | The Fascist tradition; |
| Remainder of title | radical right-wing extremism in modern Europe. |
| 260 ## - PUBLICATION, DISTRIBUTION, ETC.(IMPRINT) | |
| Place of publication, distribution, etc | New York, |
| Name of publisher, distributor, etc | Harper & Row |
| Date of publication, distribution, etc | [1967] |
| 300 ## - PHYSICAL DESCRIPTION | |
| Extent | xxxvi, 151 p. |
| 942 ## - ADDED ENTRY ELEMENTS(KOHA) | |
| Source of classification or shelving scheme | Library of Congress Classification |
| Koha item type | General circulation |
| Source of classification or shelving scheme | Not for loan | Location (home branch) | Sublocation (holding branch) | Date accessioned | Full call number | Barcode | Nonpublic note | Koha item type |
|---|---|---|---|---|---|---|---|---|
| Library of Congress Classification | Mtito Andei Centre Library | Mtito Andei Centre Library | 03/02/2016 | JC 481 .W43 | 2016/014200 | em | General circulation |